000 00568nam a2200229Ia 4500
003 OSt
005 20220918201951.0
006 a|||||r|||| 00| 0
007 ta
008 220917b |||||||| |||| 00| 0 eng d
024 _a97,788
037 _cTextual
040 _aARTS
_cARTS
_beng
041 _2eng
_aeng
082 _aV2:2:N0, F8
100 _aIyer C S Ranga
_9101540
245 0 _aIndia in the crucible
260 _aNA
_bNA
_c1928
650 _aHISTORY
942 _hV2:2:N0, F8
_cTEXL
_2CC
999 _c221382
_d221382